God, His existence and His nature; (Record no. 129403)
[ view plain ]
| 000 -LEADER | |
|---|---|
| fixed length control field | 00818cam a2200229u 4500 |
| 001 - CONTROL NUMBER | |
| control field | 8763450 |
| 003 - CONTROL NUMBER IDENTIFIER | |
| control field | ARRUPE |
| 005 - DATE AND TIME OF LATEST TRANSACTION | |
| control field | 20190423134856.0 |
| 008 - FIXED-LENGTH DATA ELEMENTS--GENERAL INFORMATION | |
| fixed length control field | 821217m19349999mou 000 0 eng |
| 010 ## - LIBRARY OF CONGRESS CONTROL NUMBER | |
| LC control number | 35000396 |
| 040 ## - CATALOGING SOURCE | |
| Original cataloging agency | DLC |
| Transcribing agency | CarP |
| Modifying agency | DLC |
| 050 00 - LIBRARY OF CONGRESS CALL NUMBER | |
| Classification number | BT101 |
| Item number | .G262 1934 |
| 300 ## - PHYSICAL DESCRIPTION | |
| Dimensions | 21 cm. |
| 100 1# - MAIN ENTRY--PERSONAL NAME | |
| Personal name | Garrigou-Lagrange, Réginald, |
| Dates associated with a name | 1877-1964. |
| 9 (RLIN) | 10338 |
| 245 10 - TITLE STATEMENT | |
| Title | God, His existence and His nature; |
| Remainder of title | a thomistic solution of certain agnostic antinomies, |
| 260 ## - PUBLICATION, DISTRIBUTION, ETC. (IMPRINT) | |
| Place of publication, distribution, etc | St. Louis, Mo. |
| Name of publisher, distributor, etc | and London, B. Herder book co., |
| Date of publication, distribution, etc | 1934- |
| 300 ## - PHYSICAL DESCRIPTION | |
| Extent | v. |
| 600 00 - SUBJECT ADDED ENTRY--PERSONAL NAME | |
| Personal name | Thomas, |
| Titles and other words associated with a name | Aquinas, Saint, |
| Dates associated with a name | 1225?-1274. |
| 9 (RLIN) | 45826 |
| 650 #0 - SUBJECT ADDED ENTRY--TOPICAL TERM | |
| Topical term or geographic name as entry element | God (Christianity) |
| General subdivision | Knowableness. |
| 9 (RLIN) | 28520 |
| 650 #0 - SUBJECT ADDED ENTRY--TOPICAL TERM | |
| Topical term or geographic name as entry element | Christianity |
| General subdivision | Philosophy. |
| 9 (RLIN) | 45827 |
| 700 1# - ADDED ENTRY--PERSONAL NAME | |
| Personal name | Rose, Bede, |
| Dates associated with a name | 1880- |
| Relator term | tr. |
| 9 (RLIN) | 45828 |
| 906 ## - LOCAL DATA ELEMENT F, LDF (RLIN) | |
| a | 0 |
| b | cbc |
| c | premunv |
| d | u |
| e | ncip |
| f | 19 |
| g | y-gencatlg |
| 942 ## - ADDED ENTRY ELEMENTS (KOHA) | |
| Source of classification or shelving scheme | Library of Congress Classification |
| Koha item type | Monograph ( Printed materials) |
No items available.